Zu den Voraussetzungen einer Unterbringung nach § 63 StGB bei einem leicht bis mittelgradig intelligenzgeminderten Täter: BGH, Urteil vom 22.4.2015 - 2 StR 393/14

Gespeichert in:  
Bibliographische Detailangaben
Medienart: Druck Aufsatz
Sprache:Deutsch
Veröffentlicht: 2015
In: Juristische Rundschau
Jahr: 2015, Heft: 9, Seiten: 481-489
Verfügbarkeit prüfen: HBZ Gateway
Schlagwörter:

MARC

LEADER 00000caa a2200000 c 4500
001 1634468759
003 DE-627
005 20220608100711.0
007 tu
008 150909s2015 xx ||||| 00| ||ger c
035 |a (DE-627)1634468759 
035 |a (DE-576)44519202X 
035 |a (DE-599)BSZ44519202X 
040 |a DE-627  |b ger  |c DE-627  |e rakwb 
041 |a ger 
245 0 0 |a Zu den Voraussetzungen einer Unterbringung nach § 63 StGB bei einem leicht bis mittelgradig intelligenzgeminderten Täter  |b BGH, Urteil vom 22.4.2015 - 2 StR 393/14 
264 1 |c 2015 
336 |a Text  |b txt  |2 rdacontent 
337 |a ohne Hilfsmittel zu benutzen  |b n  |2 rdamedia 
338 |a Band  |b nc  |2 rdacarrier 
773 0 8 |i In  |t Juristische Rundschau  |d Berlin : ˜deœ Gruyter, 1947  |g (2015), 9, Seite 481-489  |w (DE-627)129489506  |w (DE-600)205898-4  |w (DE-576)014883139  |x 0022-6920  |7 nnas 
773 1 8 |g year:2015  |g number:9  |g pages:481-489 
776 1 |o 10.1515/juru-2015-0069 
951 |a AR 
ELC |b 1 
LOK |0 000 xxxxxcx a22 zn 4500 
LOK |0 001 3289565823 
LOK |0 003 DE-627 
LOK |0 004 1634468759 
LOK |0 005 20260116101834 
LOK |0 008 170927||||||||||||||||ger||||||| 
LOK |0 040   |a DE-21-110  |c DE-627  |d DE-21-110 
LOK |0 689   |a s  |a Maßregelvollzug 
LOK |0 689   |a s  |a Unterbringungsrecht 
LOK |0 689   |a s  |a Steuerungsfähigkeit 
LOK |0 689   |a s  |a Intellenzminderung 
LOK |0 689   |a s  |a Schuldfähigkeit 
LOK |0 689   |a s  |a Gefährlichkeit 
LOK |0 852   |z Kein Bestand am IfK; Nachweis für KrimDok 
LOK |0 852   |a DE-21-110 
LOK |0 852 1  |m v  |9 00 
LOK |0 935   |a krub 
LOK |0 938   |k v 
LOK |0 939   |a 27-09-17  |b l01 
ORI |a SA-MARC-krimdoka001.raw